Statistiques concernant Êtes-vous rapide ? Test de rapidité couleurs et formes

Cliquez ici pour prendre le quiz!

Statistiques générales

  • Ce quiz a été pris 1 883 fois
  • Le résultat moyen est 8 sur 15

Statistiques - réponses

HintRéponse% Correct
Rond noir⚫️
57%
Rond bleu🔵
56%
Losange orange🔶
55%
Losange bleu🔷
55%
Carré gris/blanc⬜️
54%
Cœur rouge❤️
54%
Cœur orange🧡
54%
Rond marron🟤
52%
Cœur jaune💛
52%
Rond gris/blanc⚪️
51%
Triangle rouge🔺
51%
Cœur vert💚
50%
Rond violet🟣
49%
Carré marron🟫
48%
Cœur rose🩷
37%

Distribution des résultats

Percentile par nombre de réponses

% des personnes avec chaque résultat

Votre développement - résultats

Vous n’avez pas pris ce quiz